000 00761nam a22002417i 4500
999 _c22877
_d22877
003 AR-CdUCM
008 240508b20162016 cl||||| |||| 00| 0 spa d
020 _a978-956-9213-07-6
040 _aMUNICIPALIDAD PROVINCIAL DEL CUSCO
_cBIBLIOTECA MUNICIPAL DEL CUSCO
082 _a869.56 / C1336C
_bC1336C
100 _aCabrera Gómez, Jorge.
_949682
245 _aCamp Charlie : el desarraigo /
260 _aChile :
_bEspora Ediciones,
_c2016
300 _a397 páginas. :
_c22 cm.
650 _aEl salar
_949749
650 _aMartes 12 de enero 2010
_949750
650 _aSanto Domingo
_949751
650 _aCamp Charlie
_949752
650 _aAntonio - Carnaval de Oruro
_949753
856 _fwww.espora.cl
942 _2ddc
_cLIBROS
945 _apbj
_d2024-05-08